| 000 | 00000nas 2200000za 4500 |
| 001 | 9.502358 |
| 003 | CaOODSP |
| 005 | 20240216084224 |
| 007 | cr ||||||||||| |
| 008 | 150406c19909999oncar pso||||f0 b0fre|d |
| 022 | |a2292-5066 |
| 040 | |aCaOODSP|bfre |
| 043 | |an-cn--- |
| 086 | 1 |aBT31-2/3F-PDF |
| 110 | 1 |aCanada. |bConseil du trésor. |
| 245 | 10|aBudget supplémentaire des dépenses (C) ..., pour l'exercice se terminant le 31 mars ... |h[ressource électronique]. |
| 260 | |a[Ottawa] : |bSecrétariat du Conseil du Trésor du Canada. |
| 310 | |aAnnuel |
| 500 | |aPubl. aussi en anglais sous le titre : Supplementary estimates (C) ... for the fiscal year ending March 31, ... |
| 515 | |aL'année d'activité se termine le 31 mars. |
| 520 | 3 |aPrésentent au Parlement de l’information au sujet des dépenses nécessaires qui n’étaient pas suffisamment étoffées et fournies à temps en vue de leur inclusion dans le Budget principal des dépenses. Ils renferment aussi de l’information à jour au sujet des changements importants dans les coûts prévus d’importants postes législatifs et visent à obtenir l’approbation du Parlement pour certains postes – transferts de fonds entre des crédits, radiation de dettes, garanties de prêt, création ou augmentation de subventions et changements au libellé de crédits. |
| 692 | 07|2gccst|aPrévisions budgétaires |
| 692 | 07|2gccst|aBudget |
| 692 | 07|2gccst|aDépenses publiques |
| 775 | 08|tSupplementary estimates (C), ... for the fiscal year ending March 31, ... |w(CaOODSP)9.505957 |
| 776 | 0#|tSupplementary estimates (C) |w(CaOODSP)9.511824 |
| 776 | 0#|tBudget supplémentaire des dépenses (C) |w(CaOODSP)9.511825 |